书目信息 |
| 题名: |
市场营销学
|
|
| 作者: | 吕一林 ;岳俊芳 | |
| 分册: | ||
| 出版信息: | 北京 中国人民大学出版社 |
|
| 页数: | 593 | |
| 开本: | 20cm | |
| 丛书名: | ||
| 单 册: | ||
| 中图分类: | F71 | |
| 科图分类: | ||
| 主题词: | 商业经济--国内 | |
| 电子资源: | ||
| ISBN: | 7-300-03433-0 | |
| 000 | 00559nam0 2200205 450 | |
| 001 | 0734081268 | |
| 005 | 20071007092801.28 | |
| 010 | @a7-300-03433-0 | |
| 100 | @a20071007d km y0chiy0120 ea | |
| 101 | 0 | @achi |
| 200 | 1 | @a市场营销学@Ashi chang ying xiao xue@f吕一林@Flu yi lin@g岳俊芳@Gyue jun fang |
| 205 | @a第二版 | |
| 210 | @a北京@c中国人民大学出版社 | |
| 215 | @a593@d20cm | |
| 606 | 0 | @a商业经济@x国内 |
| 690 | @aF71@v3 | |
| 701 | 0 | @a吕一林@Alu yi lin |
| 702 | 0 | @a岳俊芳@Ayue jun fang |
| 801 | 0 | @aCN@bPFT@c20071007 |
| 905 | @a213230@dF71@ea1@f1 | |
| 市场营销学/吕一林/岳俊芳.-第二版.-北京:中国人民大学出版社 |
| 593;20cm |
| ISBN 7-300-03433-0: |
| ● |
| 相关链接 |
|
|
|
|
正题名:市场营销学
索取号:F71/a1
 
预约/预借
| 序号 | 登录号 | 条形码 | 馆藏地/架位号 | 状态 | 备注 |
| 1 | 7506066 | 275060666 | 史法系资料室/ [索取号:F71/a1] | 在馆 |